000
00308nam a2200133Ia 4500
100
_a
Aidarous/S/ Plevyak T
942
_c
BK
654
_a
telecommunication
245
_a
Telecommunication network Management
260
_b
Prentice Hall
_c
2000
082
_a
4.65
_b
AID
300
_a
320
546
_a
ENGLISH
999
_c
34152
_d
34152